| 000 | 00462nam a2200181Ia 4500 | ||
|---|---|---|---|
| 008 | 230917s9999||||xx |||||||||||||| ||und|| | ||
| 020 | _cUSD73 | ||
| 040 |
_e227176 _aMAIN |
||
| 041 | _aEnglish | ||
| 082 | _a642.4 S63C(4) | ||
| 100 | _aScanlon, Nancy Loman | ||
| 245 | 0 | _aCatering management | |
| 250 | _a4th ed. | ||
| 260 |
_aHoboken _bJohn Wiley _c2013 |
||
| 300 | _ax, 262 p. | ||
| 500 | _a2125 24/09/2015 PBA15/336 24/09/2015 Main Budget | ||
| 942 | _cBK | ||
| 999 |
_c16132 _d16132 |
||